Frontiers in nuclear dynamics /

Bibliographic Details
Other Authors: Broglia, R. A., Dasso, C. H. (Carlo H.)
Format: Book
Language:English
Published: New York : Plenum Press, [1985]
Series:Ettore Majorana international science series. Physical sciences ; v. 25.
Subjects:

MARC

Tag First Indicator Second Indicator Subfields
LEADER 00000pam a2200000 a 4500
001 in00000382021
005 20151011124737.0
008 850521s1985 nyua b 10100 eng
010 |a  85012082  
020 |a 0306420694 
035 |a (OCoLC)12134759 
035 |9 ABS6527AM 
039 0 |a 2  |b 3  |c 3  |d 3  |e 3 
040 |a DLC  |c DLC  |d TXA  |d UtOrBLW 
049 |a TXAM  |c [A09210837] 
050 0 0 |a QC794.6.C6  |b F76 1985 
082 0 |a 539.7  |2 19 
245 0 0 |a Frontiers in nuclear dynamics /  |c edited by R.A. Broglia and C.H. Dasso. 
264 1 |a New York :  |b Plenum Press,  |c [1985] 
264 4 |c ©1985 
300 |a xii, 402 pages :  |b illustrations ;  |c 26 cm. 
336 |a text  |b txt  |2 rdacontent 
337 |a unmediated  |b n  |2 rdamedia 
338 |a volume  |b nc  |2 rdacarrier 
490 1 |a Ettore Majorana international science series. Physical sciences ;  |v v. 25 
500 |a "Proceedings of the first course of the International School of Heavy Ion Physics on Frontiers in Nuclear Dynamics, held July 16-27, 1984, in Erice, Sicily, Italy"--Title page verso. 
504 |a Includes bibliographies and index. 
650 0 |a Heavy ion collisions  |v Congresses. 
650 0 |a Nuclear structure  |v Congresses. 
700 1 |a Broglia, R. A. 
700 1 |a Dasso, C. H.  |q (Carlo H.) 
740 0 |a Nuclear dynamics. 
830 0 |a Ettore Majorana international science series.  |p Physical sciences ;  |v v. 25. 
999 |a MARS 
999 f f |s 412e65a0-a451-32fc-89ba-f9c9b6f86f89  |i ac0e1119-622b-37a5-be1e-cb3c82653ca8  |t 0 
952 f f |p normal  |a Texas A&M University  |b College Station  |c Sterling C. Evans Library  |d Evans: Library Stacks  |t 0  |e QC794.6.C6 F76 1985  |h Library of Congress classification  |i unmediated -- volume  |m A14809210837 
998 f f |a QC794.6.C6 F76 1985  |t 0  |l Evans: Library Stacks